00964nam a2200229 a 450000100060000000300080000600500170001400800410003103500180007204000320009004100110012208200310013324501940016426000400035830000190039850000960041765000180051370000270053194200120055899900170057095201470058732826BD-RjUL20211209051912.0161229s1938 ii b 000 0 eng d aBD-RjUL)32916 aEZCcEZCdEQOdBD-RjULbeng1 aengara04a297.125bALH V-1 193822310aAl-Hadis :ban English translation and commentary of Mishkat-ul-Masabih /cwith vowel-pointed Arabic text and suitable arrangements into chapters and sections by al-Haj Maulana Fazlul Karim aDelhi :bThe Author Himself,c1938. aVol. ;c23 cm aA commentary on the hadith collected by al-Baghawī under title: Maṣābīḥ al-sunnah 0aHadith999810 aKarim, Fazlul 9179371 2ddccBK c32826d32826 00102ddc40718NFICaRUCLbRUCLcReadingd1963-01-18eG. M. Hilolig0.00l0o297.125 ALH V-1 1938r2014-04-28 00:00:00tC-1w2021-12-09yBK